Una visita pastoral al Baix Empordà als anys 1420 - 1423 / Imma Puig i Aleu
ISBN:
84-9779-429-x
Descripción Física:
461 p. ; 24 cm
Colección:
Estudis ; 34
Otros Autores:
Fundació Noguera
MARC
| LEADER | 00000nam a2200000Ia 4500 | ||
|---|---|---|---|
| 001 | 19171 | ||
| 008 | 160829s2006 xx 000 0 cat d | ||
| 020 | |a 84-9779-429-x | ||
| 080 | |a F-1-79 | ||
| 100 | |a Puig i Aleu, Imma |9 45274 | ||
| 245 | |a Una visita pastoral al Baix Empordà als anys 1420 - 1423 / Imma Puig i Aleu | ||
| 260 | |a Barcelona : |b Fundació Noguera ; Lleida : |b Pagès, |c 2006 | ||
| 300 | |a 461 p. ; |c 24 cm | ||
| 490 | |a Estudis ; 34 | ||
| 650 | |a Visites pastorals |x Baix Empordà (Girona) |9 45275 | ||
| 700 | |a Fundació Noguera |9 70407 | ||
| 901 | |a Arxiu | ||
| 942 | |n 1 | ||
| 952 | |0 0 |1 0 |4 0 |6 F179 |7 1 |9 52489 |a Arxiu |b Arxiu |d 2016-12-01 |l 0 |o F-1-79 |p 19171 |r 2016-12-01 00:00:00 |w 2016-12-01 |y ARXIU | ||
| 999 | |c 56337 |d 56337 | ||